| 000 | 00354nam a22001457a 4500 | ||
|---|---|---|---|
| 020 | _qPB. | ||
| 040 | _cFIZZA ISHAQ | ||
| 082 |
_a690.76 _bGEO |
||
| 100 |
_aBARBER, GEORGE. _989474 |
||
| 245 |
_aDESIGN & CONSTRUCTION OF CONCRETE FLOORS / _cGEORGE BARBER. |
||
| 250 | _a2nd ED. | ||
| 260 |
_bCRC PRESS, _c2006. |
||
| 300 | _a384 P. ; | ||
| 942 |
_2ddc _cBK |
||
| 999 |
_c588201 _d588201 |
||